000 00312nam a2200133Ia 4500
100 _aTselikov/A.I.; Zyuzin/V.I.
942 _cBK
654 _aRolling mills
245 _aModern development of rolling mills
260 _bMir Publishers
_aMoscow
_c1975
082 _a621.8
300 _a535
546 _aENGLISH
999 _c28245
_d28245